| 000 | 00666cab a2200205 4500 | ||
|---|---|---|---|
| 001 | ABS46743 | ||
| 008 | 090401t1992 xxu||||| |||| 00| 0 eng d | ||
| 035 | _a(Sirsi) u59404 | ||
| 041 | _aeng | ||
| 100 | _aFreeman, D.J. | ||
| 245 | _aRe-financing property exposures | ||
| 260 | _c1992 | ||
| 350 | _a0 | ||
| 490 |
_aProperty Finance _v4(5) June 1992, 69-71(3) |
||
| 520 | _aLooks at ways companies may seek refinancing, including seeking financial support from existing creditors, petitioning for administration and third party security. | ||
| 650 | _aREFINANCING | ||
| 690 | _aPROPERTY-PROPERTY FINANCE AND INVESTMENT | ||
| 942 | _n0 | ||
| 948 | _c04/03/1997 | ||
| 999 |
_c36450 _d36450 |
||